000 00242nam a2200109Ia 4500
005 20260328101454.0
008 260328s9999||||xx |||||||||||||| ||und||
245 0 _aMagis :
_b Catalogue /
300 _a284 p.
650 _aCATÁLOGOS
942 _cBK
999 _c8762
_d8762